Statystyki dla Olympique Lyon 2019/2020

Kliknij tutaj aby rozwiązać quiz!

Ogólne statystyki

  • Ten quiz został rozwiązany 70 razy
  • Średni wynik to 9 z 27

Statystyki odpowiedzi

PozycjaImię i Nazwisko% Poprawnych
NapastnikMemphis Depay
95%
BramkarzAnthony Lopes
92%
PomocnikHoussem Aouar
73%
NapastnikMoussa Dembele
66%
ObrońcaMarcal
55%
ObrońcaMarcelo
47%
ObrońcaJason Denayer
41%
PomocnikLucas Tousart
41%
ObrońcaRafael
41%
NapastnikMaxwel Cornet
39%
NapastnikBertrand Traore
36%
PomocnikThiago Mendes
28%
NapastnikMartin Terrier
27%
ObrońcaJoachim Andersen
25%
ObrońcaKenny Tete
25%
ObrońcaLeo Dubois
23%
BramkarzCiprian Tatarusanu
20%
ObrońcaMapou Yanga-Mbiwa
20%
ObrońcaYoussouf Kone
16%
NapastnikAmine Gouiri
13%
PomocnikJeff Reine-Adelaide
13%
BramkarzAnthony Racioppi
11%
PomocnikJean Lucas
9%
PomocnikMaxence Caqueret
6%
ObrońcaOumar Solet
6%
NapastnikBoubacar Fofana
5%
PomocnikTitouan Thomas
3%

Rozkład punktacji

Percentyl według liczby udzielonych odpowiedzi

Procent ludzi z każdym wynikiem

Twoja historia wyników

Nie rozwiązałeś tego quizu